Plant physiology / (Record no. 128322)

MARC details
000 -LEADER
fixed length control field 00725nam a2200241 a 4500
008 - FIXED-LENGTH DATA ELEMENTS--GENERAL INFORMATION
fixed length control field
020 ## - INTERNATIONAL STANDARD BOOK NUMBER
International Standard Book Number 978087893866 (hbk.)
049 ## - LOCAL HOLDINGS (OCLC)
Holding library MAIN
090 01 - LOCALLY ASSIGNED LC-TYPE CALL NUMBER (OCLC); LOCAL CALL NUMBER (RLIN)
Classification number (OCLC) (R) ; Classification number, CALL (RLIN) (NR) QK711.2
Local cutter number (OCLC) ; Book number/undivided call number, CALL (RLIN) TAI
003 - CONTROL NUMBER IDENTIFIER
control field
005 - DATE AND TIME OF LATEST TRANSACTION
control field 20241118142617.0
040 ## - CATALOGING SOURCE
Transcribing agency NUST
100 ## - MAIN ENTRY--PERSONAL NAME
Personal name Taiz, Lincoln.
245 00 - TITLE STATEMENT
Title Plant physiology /
Statement of responsibility, etc. Lincoln Taiz [and] Eduardo Zeiger.
260 ## - PUBLICATION, DISTRIBUTION, ETC.
Place of publication, distribution, etc. Sunderland :
Name of publisher, distributor, etc. Sinauer Associates,
Date of publication, distribution, etc. 2010.
300 ## - PHYSICAL DESCRIPTION
Extent xxxiv, 782 [137] p. :
Other physical details ill. (some col.) ;
Dimensions 28 cm.
504 ## - BIBLIOGRAPHY, ETC. NOTE
Bibliography, etc. note Includes bibliographical references.
500 ## - GENERAL NOTE
General note Includes index.
650 #0 - SUBJECT ADDED ENTRY--TOPICAL TERM
Topical term or geographic name entry element Plant physiology.
700 ## - ADDED ENTRY--PERSONAL NAME
Personal name Zeiger, Eduardo.
907 ## - LOCAL DATA ELEMENT G, LDG (RLIN)
a .b10352703
b 02-12-14
c 02-12-14
942 ## - ADDED ENTRY ELEMENTS (KOHA)
Koha item type Ordinary Loan Books
Call number prefix QK711.2
Call number suffix TAI
Koha issues (borrowed), all copies 3
Holdings
Date last seen Total Checkouts Full call number Barcode Date last checked out Cost, replacement price Price effective from Koha item type Lost status Source of classification or shelving scheme Damaged status Not for loan Collection Withdrawn status Home library Current library Shelving location Date acquired Cost, normal purchase price
12/06/2024 29 QK711.2 TAI 92004037072 11/18/2024 80.00 01/23/2023 BOOKS   LCC     NFIC   MAIN MAIN GEN 01/23/2023 80.00